000 00863nam a2200253Ia 4500
003 OSt
005 20221005113032.0
006 a|||||r|||| 00| 0
007 ta
008 221004b |||||||| |||| 00| 0 pan d
020 _c750
024 _a17141
037 _b909, 11/03/2015, H.K. Prakashan
_cTextual
040 _aCRL
_cCRL
_bpan
041 _2pan
_apan
082 _aO153v, P6.7
100 _aਸਿੰਘ, ਕਰਨਜੀਤ
245 0 _aਪੁਰਾਤਨ ਪੰਜਾਬੀ ਵਾਰਤਕ ਦਾ ਇਤਿਹਾਸ
260 _aਦਿੱਲੀ
_bਪੰਜਾਬੀ ਅਕਾਦਮੀ ਭਾਰਤ
_c2004
300 _a144ਪੰ
_ccm.
650 _aਪੰਜਾਬੀ ਸਾਹਿਤ
942 _hO153v, P6.7
_cTEXL
_2cc
999 _c1026844
_d1026844